00964nam a22002177a 450000500170000000800430001705000220006011000340008224501440011624601170026025000220037726000540039930000220045344000430047550500970051865000210061565000300063670000260066670000260069270000280071820211125113940.0210922b fr||||| |||| 00| 0 fra d a B3279 bH87 1963 a Husserl, Edmund, e1859-1938 aRecherches logiques / cEdmund Husserl ; traductor de Lállemand por Hubert Elie Avec ; collaboration de Lothar Kelkel et René Schérer aRecherches logiques :bT.3 -Elementos de una elucidación fenomenológica del conocimiento, investigación VI aprimera edición aParis ;bPresses universitaires de france, c1963 a183 p. ; c19 cm. aÉpiméthée, Essais Philosophiques tT.3. Eléments d'une élucidation phénoménologique de la connaissance, (recherche VI) aFenomenología. aConocimiento, teoría de aHubert Elie Avecetr. aKelkel, Lothar ecol. aSchérer, Renéecol.